[Event "Olomouc IM-B 24th"]
[Site "Olomouc"]
[Date "2023.08.19"]
[Round "9"]
[White "Jasny, Stanislav"]
[Black "Levitan, Ronit"]
[Result "0-1"]
[WhiteElo "2244"]
[BlackElo "2131"]
[PlyCount "90"]
[EventDate "2023.08.12"]
[EventType "tourn"]
[EventRounds "9"]
[EventCountry "CZE"]
[SourceTitle "CBM 215 Extra"]
[Source "ChessBase"]
[SourceDate "2023.09.30"]
[SourceVersion "1"]
[SourceVersionDate "2023.09.30"]
[SourceQuality "1"]

1. c4 e6 2. Nc3 d5 3. d4 Be7 4. Nf3 Nf6 5. Bg5 0-0 6. e3 b6 7. cxd5 exd5 8. Bd3 Nbd7 9. Qc2 Bb7 10. 0-0-0 c5 11. h4 Rc8 12. Kb1 c4 13. Bf5 g6 14. Bxd7 Qxd7 15. Ne5 Qe6 16. g4 Nd7 17. Nxd7 Qxd7 18. Bxe7 Qxe7 19. h5 g5 20. Qf5 Rcd8 21. Rhe1 Bc8 22. Qe5 Qxe5 23. dxe5 Bxg4 24. Rxd5 Bxh5 25. Rg1 Bg6+ 26. Kc1 h6 27. Rg4 Bf5 28. Rxc4 Be6 29. Rxd8 Rxd8 30. Rd4 Rc8 31. Kd2 Kg7 32. e4 Rc4 33. Rd6 Rc5 34. Ke3 Rxe5 35. b4 g4 36. Kf4 Rh5 37. a4 Rh3 38. Nd1 Rf3+ 39. Ke5 h5 40. Ne3 Rxf2 41. Nf5+ Bxf5 42. exf5 g3 43. Rd3 h4 44. Rd4 g2 45. Rg4+ Kf8 0-1

[Event "Olomouc IM-B 24th"]
[Site "Olomouc"]
[Date "2023.08.18"]
[Round "8"]
[White "Lanc, Alois"]
[Black "Jasny, Stanislav"]
[Result "0-1"]
[WhiteElo "2263"]
[BlackElo "2244"]
[PlyCount "66"]
[EventDate "2023.08.12"]
[EventType "tourn"]
[EventRounds "9"]
[EventCountry "CZE"]
[SourceTitle "CBM 215 Extra"]
[Source "ChessBase"]
[SourceDate "2023.09.30"]
[SourceVersion "1"]
[SourceVersionDate "2023.09.30"]
[SourceQuality "1"]

1. e4 e6 2. d4 d5 3. Nc3 Nf6 4. Bg5 h6 5. Bxf6 Qxf6 6. exd5 Bb4 7. Bb5+ Bd7 8. Bxd7+ Nxd7 9. dxe6 Qxe6+ 10. Qe2 Bxc3+ 11. bxc3 Qxe2+ 12. Nxe2 0-0-0 13. 0-0 Nb6 14. Rfd1 Rd5 15. Ng3 Re8 16. Rd3 Ra5 17. Rf3 f6 18. Nf5 Rxa2 19. Rd1 g6 20. Nxh6 Rxc2 21. Rxf6 Nd5 22. Rxg6 Nxc3 23. Rf1 b5 24. h4 b4 25. Kh2 b3 26. Rc6 Ne2 27. d5 Rxc6 28. dxc6 Nc3 29. g4 b2 30. g5 a5 31. g6 a4 32. g7 b1Q 33. Rxb1 Nxb1 0-1

[Event "Olomouc IM-B 24th"]
[Site "Olomouc"]
[Date "2023.08.14"]
[Round "4"]
[White "Jasny, Stanislav"]
[Black "Kusa, Jakub"]
[Result "1/2-1/2"]
[WhiteElo "2244"]
[BlackElo "2360"]
[PlyCount "39"]
[EventDate "2023.08.12"]
[EventType "tourn"]
[EventRounds "9"]
[EventCountry "CZE"]
[SourceTitle "CBM 215 Extra"]
[Source "ChessBase"]
[SourceDate "2023.09.30"]
[SourceVersion "1"]
[SourceVersionDate "2023.09.30"]
[SourceQuality "1"]

1. c4 e6 2. Nf3 d5 3. e3 Nf6 4. b3 c5 5. Bb2 Nc6 6. cxd5 exd5 7. Bb5 Be7 8. 0-0 0-0 9. d3 Bg4 10. Bxc6 bxc6 11. Nbd2 a5 12. Qc2 Nd7 13. d4 cxd4 14. Nxd4 c5 15. Nc6 Qe8 16. h3 Be6 17. Nxe7+ Qxe7 18. Qc3 f6 19. Ba3 Rfc8 20. Rac1 1/2-1/2

[Event "CZE-chT1E 2223"]
[Site "Czech Republic"]
[Date "2023.04.02"]
[Round "11.2"]
[White "Jasny, Stanislav"]
[Black "Richterova, Natasa"]
[Result "1-0"]
[WhiteElo "2243"]
[BlackElo "2173"]
[PlyCount "131"]
[EventDate "2022.10.08"]
[EventType "team-tourn"]
[EventRounds "11"]
[EventCountry "CZE"]
[SourceTitle "EXT 2024"]
[Source "ChessBase"]
[SourceDate "2023.10.10"]
[SourceVersion "1"]
[SourceVersionDate "2023.10.10"]
[SourceQuality "1"]
[WhiteTeam "Frydek Mistek III"]
[BlackTeam "Ostrava"]
[WhiteTeamCountry "CZE"]
[BlackTeamCountry "CZE"]

1. d4 d5 2. c4 c6 3. Nc3 Nf6 4. cxd5 cxd5 5. Bf4 Nc6 6. e3 a6 7. Bd3 h6 8. Rc1 e6 9. Nf3 Bd6 10. Bxd6 Qxd6 11. 0-0 0-0 12. Na4 b5 13. Nc5 e5 14. dxe5 Nxe5 15. Nxe5 Qxe5 16. Qd2 Ng4 17. g3 Rd8 18. Nb3 Qh5 19. f3 Ne5 20. Nd4 Nc4 21. Qf2 Re8 22. Rfe1 Bd7 23. b3 Ne5 24. Bf1 Qg6 25. Qc2 Qf6 26. Bg2 Rac8 27. Qd2 Qd6 28. h3 Qg6 29. Rxc8 Rxc8 30. Kh2 Qh5 31. Rc1 Re8 32. Rc5 Be6 33. Rc7 Ng6 34. f4 Ne7 35. Nxe6 fxe6 36. Qd4 Qg6 37. g4 Kf8 38. e4 h5 39. g5 h4 40. Qe5 a5 41. Rb7 b4 42. Rb6 Nc8 43. Ra6 Qf7 44. Rxa5 dxe4 45. Qxe4 Qc7 46. Qxb4+ Kg8 47. Re5 Nd6 48. Qc5 Qb8 49. Qe3 Nf7 50. Ra5 Qc7 51. Ra7 Qd6 52. g6 Nh8 53. Qe5 Qxe5 54. fxe5 Nxg6 55. a4 Nxe5 56. a5 Nd3 57. Ra8 Rxa8 58. Bxa8 Nb4 59. Bb7 Kf7 60. a6 Nxa6 61. Bxa6 Ke7 62. Kg2 Kd6 63. Kf3 Kc5 64. Kg4 Kb4 65. Bc4 e5 66. Kf5 1-0

[Event "CZE-chT1E 2223"]
[Site "Czech Republic"]
[Date "2023.04.01"]
[Round "10.2"]
[White "Zylka, Stanislaw"]
[Black "Jasny, Stanislav"]
[Result "1-0"]
[WhiteElo "2410"]
[BlackElo "2243"]
[PlyCount "93"]
[EventDate "2022.10.08"]
[EventType "team-tourn"]
[EventRounds "11"]
[EventCountry "CZE"]
[SourceTitle "EXT 2024"]
[Source "ChessBase"]
[SourceDate "2023.10.10"]
[SourceVersion "1"]
[SourceVersionDate "2023.10.10"]
[SourceQuality "1"]
[WhiteTeam "Orlova Slavia"]
[BlackTeam "Frydek Mistek III"]
[WhiteTeamCountry "CZE"]
[BlackTeamCountry "CZE"]

1. d4 Nf6 2. c4 g6 3. Nc3 Bg7 4. e4 d6 5. Be2 Nbd7 6. Be3 e5 7. d5 h5 8. Nf3 Bh6 9. Bxh6 Rxh6 10. b4 Kf8 11. 0-0 Qe7 12. Qd2 Rh8 13. Rac1 h4 14. Ne1 Nh5 15. Bxh5 Rxh5 16. Nd3 Kg7 17. h3 a6 18. Kh1 g5 19. c5 Nf6 20. f3 Bd7 21. Nd1 Rh6 22. cxd6 cxd6 23. Ne3 Nh5 24. Kh2 Ng3 25. Rfe1 Bb5 26. Nf2 Rhh8 27. Nh1 Qf6 28. Nxg3 hxg3+ 29. Kxg3 Qf4+ 30. Kf2 Bd7 31. Rc7 Bxh3 32. gxh3 Qh2+ 33. Ng2 Kg6 34. Ke3 Rxh3 35. Kd3 Rxf3+ 36. Re3 g4 37. Rxf3 gxf3 38. Ne3 Qh3 39. Qf2 Rh8 40. Qg1+ Kf6 41. Ng4+ Kg5 42. Ne3+ Kf6 43. a4 Rh7 44. Ng4+ Kg5 45. Nxe5+ Kf6 46. Nd7+ Ke7 47. Qg5+ 1-0

[Event "CZE-chT1E 2223"]
[Site "Czech Republic"]
[Date "2023.02.26"]
[Round "9.4"]
[White "Jasny, Stanislav"]
[Black "Vymazal, Bronislav"]
[Result "1/2-1/2"]
[WhiteElo "2243"]
[BlackElo "2346"]
[PlyCount "72"]
[EventDate "2022.10.08"]
[EventType "team-tourn"]
[EventRounds "11"]
[EventCountry "CZE"]
[SourceTitle "CBM 213 Extra"]
[Source "ChessBase"]
[SourceDate "2023.05.31"]
[SourceVersion "1"]
[SourceVersionDate "2023.05.31"]
[SourceQuality "1"]
[WhiteTeam "Frydek Mistek III"]
[BlackTeam "Brno Moravska Slavia II"]
[WhiteTeamCountry "CZE"]
[BlackTeamCountry "CZE"]

1. d4 b6 2. e4 Bb7 3. Bd3 Nf6 4. Nd2 e6 5. Ngf3 c5 6. c3 d5 7. e5 Nfd7 8. 0-0 Ba6 9. Bxa6 Nxa6 10. c4 Nc7 11. cxd5 Nxd5 12. Ne4 Be7 13. Bg5 0-0 14. Rc1 Rc8 15. Qd3 h6 16. Bd2 cxd4 17. Qxd4 Rxc1 18. Rxc1 Qb8 19. Nc3 Nxc3 20. Qxc3 Rd8 21. Be3 Nc5 22. Bxc5 Bxc5 23. Qc2 Qb7 24. Rd1 Rxd1+ 25. Qxd1 Qd5 26. Qxd5 exd5 27. Ne1 Kf8 28. g4 Ke7 29. Kg2 g5 30. Nd3 Ke6 31. Kg3 Bd4 32. f4 gxf4+ 33. Kxf4 Bg1 34. Kg3 Bd4 35. Kf4 Bg1 36. Kg3 Bd4 1/2-1/2

[Event "CZE-chT1E 2223"]
[Site "Czech Republic"]
[Date "2023.01.29"]
[Round "7.3"]
[White "Langner, Ladislav"]
[Black "Jasny, Stanislav"]
[Result "1-0"]
[WhiteElo "2367"]
[BlackElo "2243"]
[PlyCount "69"]
[EventDate "2022.10.08"]
[EventType "team-tourn"]
[EventRounds "11"]
[EventCountry "CZE"]
[SourceTitle "CBM 213 Extra"]
[Source "ChessBase"]
[SourceDate "2023.05.31"]
[SourceVersion "1"]
[SourceVersionDate "2023.05.31"]
[SourceQuality "1"]
[WhiteTeam "Trinec"]
[BlackTeam "Frydek Mistek III"]
[WhiteTeamCountry "CZE"]
[BlackTeamCountry "CZE"]

1. e4 e6 2. d4 d5 3. e5 c5 4. c3 Nc6 5. Nf3 Qb6 6. Be2 cxd4 7. cxd4 Nh6 8. Nc3 Nf5 9. Na4 Qa5+ 10. Bd2 Bb4 11. Bc3 b5 12. a3 Bxc3+ 13. Nxc3 b4 14. axb4 Qxb4 15. Qa4 Qxa4 16. Rxa4 Bd7 17. g4 Nfe7 18. b4 Nc8 19. b5 N6e7 20. Kd2 Nb6 21. Ra6 Nec8 22. Rha1 Rb8 23. Ke3 Ke7 24. Nd2 Re8 25. R6a5 Rb7 26. Nb3 Rc7 27. Nc5 f6 28. f4 fxe5 29. fxe5 Rf8 30. Na2 Nc4+ 31. Bxc4 dxc4 32. Nb4 Nb6 33. Rxa7 Rfc8 34. Rxc7 Rxc7 35. Ra6 1-0

[Event "Marianske Lazne IM-B1 21st"]
[Site "Marianske Lazne"]
[Date "2023.01.19"]
[Round "7"]
[White "Jasny, Stanislav"]
[Black "Terhuven, Patrick"]
[Result "1-0"]
[WhiteElo "2245"]
[BlackElo "2174"]
[PlyCount "73"]
[EventDate "2023.01.14"]
[EventType "tourn"]
[EventRounds "9"]
[EventCountry "CZE"]
[SourceTitle "CBM 212 Extra"]
[Source "ChessBase"]
[SourceDate "2023.03.31"]
[SourceVersion "1"]
[SourceVersionDate "2023.03.31"]
[SourceQuality "1"]

1. d4 d5 2. c4 e6 3. Nc3 Nf6 4. cxd5 exd5 5. Bg5 Nbd7 6. e3 c6 7. Bd3 Be7 8. Nge2 Nh5 9. Bxe7 Qxe7 10. g4 Nhf6 11. Ng3 g6 12. g5 Ng8 13. h4 h6 14. h5 Qxg5 15. hxg6 fxg6 16. Qc2 Nf8 17. 0-0-0 Be6 18. Nge2 Ne7 19. Rdg1 Qf6 20. Nf4 Bf7 21. Qa4 g5 22. Nh3 Be6 23. Be2 Bxh3 24. Rxh3 Qxf2 25. Rf1 Qg2 26. Bh5+ Nfg6 27. Rhf3 0-0-0 28. Qxa7 Qh2 29. Bxg6 Nxg6 30. Rf7 Qb8 31. Qc5 Qd6 32. Qb6 Ne7 33. R1f6 Qd7 34. Qc5 Rhe8 35. Rxh6 Rf8 36. Rxe7 Rf1+ 37. Kc2 1-0

[Event "Marianske Lazne IM-B1 21st"]
[Site "Marianske Lazne"]
[Date "2023.01.18"]
[Round "6"]
[White "Krivenko, Dion"]
[Black "Jasny, Stanislav"]
[Result "1/2-1/2"]
[WhiteElo "2141"]
[BlackElo "2245"]
[PlyCount "66"]
[EventDate "2023.01.14"]
[EventType "tourn"]
[EventRounds "9"]
[EventCountry "CZE"]
[SourceTitle "CBM 212 Extra"]
[Source "ChessBase"]
[SourceDate "2023.03.31"]
[SourceVersion "1"]
[SourceVersionDate "2023.03.31"]
[SourceQuality "1"]

1. e4 c5 2. Nf3 d6 3. Bc4 Nf6 4. d3 e6 5. 0-0 Be7 6. Re1 0-0 7. Bb3 Nc6 8. c3 b5 9. Nbd2 b4 10. Nf1 Ba6 11. Bc2 bxc3 12. bxc3 Qa5 13. Bd2 Qc7 14. Ng3 Ne5 15. Be3 Rfd8 16. Ng5 h6 17. Nh3 c4 18. d4 Nd3 19. Bxd3 cxd3 20. Qd2 Ng4 21. Nf4 Nxe3 22. fxe3 Rdc8 23. Rac1 Qa5 24. Nxd3 Bxd3 25. Qxd3 Qxa2 26. c4 Rab8 27. Re2 Qb3 28. Qxb3 Rxb3 29. Nf1 a5 30. Ra2 Bg5 31. Kf2 Rb4 32. Rxa5 Rbxc4 33. Rxc4 Rxc4 1/2-1/2

[Event "CZE-chT1E 2223"]
[Site "Czech Republic"]
[Date "2022.12.11"]
[Round "5.3"]
[White "Jasny, Stanislav"]
[Black "Gnojek, Petr"]
[Result "1/2-1/2"]
[WhiteElo "2243"]
[BlackElo "2327"]
[PlyCount "76"]
[EventDate "2022.10.08"]
[EventType "team-tourn"]
[EventRounds "11"]
[EventCountry "CZE"]
[SourceTitle "CBM 213 Extra"]
[Source "ChessBase"]
[SourceDate "2023.05.31"]
[SourceVersion "1"]
[SourceVersionDate "2023.05.31"]
[SourceQuality "1"]
[WhiteTeam "Frydek Mistek III"]
[BlackTeam "Frydek Mistek II"]
[WhiteTeamCountry "CZE"]
[BlackTeamCountry "CZE"]

1. Nf3 g6 2. e4 d6 3. d4 Nf6 4. Bd3 Bg7 5. 0-0 0-0 6. Re1 Nc6 7. c3 e5 8. h3 Re8 9. d5 Ne7 10. c4 Nd7 11. Nc3 a5 12. a3 Nc5 13. Bc2 Bd7 14. Rb1 f5 15. b4 axb4 16. axb4 Nxe4 17. Nxe4 fxe4 18. Bxe4 Ra2 19. Rb2 Qa8 20. Ree2 Ra1 21. Rb1 b5 22. Rxa1 Qxa1 23. c5 Qc3 24. Qe1 Qxe1+ 25. Rxe1 Bf5 26. Bxf5 gxf5 27. cxd6 cxd6 28. Bg5 Nxd5 29. Rd1 Nxb4 30. Rxd6 Nc2 31. Rb6 e4 32. Nh4 Nd4 33. g3 Rf8 34. Kf1 Ra8 35. Kg2 Ra2 36. Rb8+ Kf7 37. Rb7+ Kg8 38. Rb8+ Kf7 1/2-1/2

[Event "CZE-chT1E 2223"]
[Site "Czech Republic"]
[Date "2022.11.26"]
[Round "3.5"]
[White "Jasny, Stanislav"]
[Black "Dobrovolsky, Ladislav"]
[Result "1/2-1/2"]
[WhiteElo "2243"]
[BlackElo "2210"]
[PlyCount "76"]
[EventDate "2022.10.08"]
[EventType "team-tourn"]
[EventRounds "11"]
[EventCountry "CZE"]
[SourceTitle "CBM 213 Extra"]
[Source "ChessBase"]
[SourceDate "2023.05.31"]
[SourceVersion "1"]
[SourceVersionDate "2023.05.31"]
[SourceQuality "1"]
[WhiteTeam "Frydek Mistek III"]
[BlackTeam "Poruba Slavoj II"]
[WhiteTeamCountry "CZE"]
[BlackTeamCountry "CZE"]

1. d4 d5 2. c4 e6 3. Nf3 c5 4. cxd5 exd5 5. g3 Nc6 6. Bg2 Nf6 7. 0-0 cxd4 8. Nxd4 Be7 9. Nc3 0-0 10. Bg5 h6 11. Be3 Bg4 12. h3 Be6 13. Qa4 Qd7 14. Kh2 a6 15. Nxe6 fxe6 16. Rad1 Bd6 17. Bb6 Ne7 18. e4 Qxa4 19. Nxa4 Rac8 20. exd5 Nfxd5 21. Nc3 Bc5 22. Nxd5 Nxd5 23. Bxc5 Rxc5 24. Rd2 Rfc8 25. Rfd1 Rc2 26. Be4 Rxd2 27. Rxd2 Rc5 28. Kg2 Kf7 29. Bxd5 exd5 30. Re2 a5 31. Kf3 b6 32. Ke3 Ke6 33. Kd3+ Kd6 34. Re8 a4 35. Ra8 Rb5 36. Kc2 Rc5+ 37. Kd3 Rb5 38. Kc2 Rc5+ 1/2-1/2

[Event "Olomouc IM1 23rd"]
[Site "Olomouc"]
[Date "2022.08.17"]
[Round "6"]
[White "Kukelko, Alexey"]
[Black "Jasny, Stanislav"]
[Result "1/2-1/2"]
[WhiteElo "2260"]
[BlackElo "2248"]
[PlyCount "66"]
[EventDate "2022.08.13"]
[EventType "tourn"]
[EventRounds "9"]
[EventCountry "CZE"]
[EventCategory "1"]
[SourceTitle "CBM 209 Extra"]
[Source "ChessBase"]
[SourceDate "2022.09.30"]
[SourceVersion "1"]
[SourceVersionDate "2022.09.30"]
[SourceQuality "1"]

1. e4 c5 2. Nf3 e6 3. d4 cxd4 4. Nxd4 a6 5. Nc3 Qc7 6. Bd3 Nf6 7. f4 b5 8. e5 b4 9. Ne4 Nxe4 10. Bxe4 Bb7 11. Qf3 Nc6 12. Nxc6 Bxc6 13. Bxc6 dxc6 14. Be3 Rd8 15. 0-0 Be7 16. Rac1 0-0 17. c3 bxc3 18. Rxc3 Rd5 19. Rfc1 Qa5 20. a3 c5 21. Qf2 Rfd8 22. h4 Bf8 23. R1c2 h5 24. Kh2 Qa4 25. Rc4 Qb3 26. Bxc5 Bxc5 27. Rxc5 Rxc5 28. Qxc5 Qd3 29. Rf2 g6 30. Rf3 Qb1 31. Rb3 Rd1 32. Rb8+ Kh7 33. Rh8+ Kxh8 1/2-1/2

[Event "Olomouc IM1 23rd"]
[Site "Olomouc"]
[Date "2022.08.13"]
[Round "1"]
[White "Jasny, Stanislav"]
[Black "Kusa, Jakub"]
[Result "1/2-1/2"]
[WhiteElo "2248"]
[BlackElo "2373"]
[PlyCount "59"]
[EventDate "2022.08.13"]
[EventType "tourn"]
[EventRounds "9"]
[EventCountry "CZE"]
[EventCategory "1"]
[SourceTitle "CBM 209 Extra"]
[Source "ChessBase"]
[SourceDate "2022.09.30"]
[SourceVersion "1"]
[SourceVersionDate "2022.09.30"]
[SourceQuality "1"]

1. d4 d5 2. c4 e6 3. Nc3 a6 4. cxd5 exd5 5. Nf3 c6 6. Bf4 Bd6 7. Bxd6 Qxd6 8. e4 dxe4 9. Nxe4 Qe7 10. Qe2 Nd7 11. 0-0-0 Ngf6 12. Nxf6+ Nxf6 13. Qxe7+ Kxe7 14. Bc4 Rd8 15. Rhe1+ Kf8 16. Ng5 Rd7 17. Rd2 h6 18. Nf3 Rc7 19. Ne5 Bf5 20. f3 h5 21. Bd3 Bxd3 22. Nxd3 Rd8 23. Nc5 Nd5 24. Re5 g6 25. a3 Nb6 26. b3 Nd5 27. Kc2 a5 28. h4 b6 29. Na4 Rb7 30. g3 1/2-1/2

[Event "CZE-chT 2122"]
[Site "Czech Republic"]
[Date "2022.04.10"]
[Round "15.3"]
[White "Jasny, Stanislav"]
[Black "Priehoda, Vitezslav"]
[Result "1/2-1/2"]
[WhiteElo "2316"]
[BlackElo "2268"]
[PlyCount "75"]
[EventDate "2021.10.15"]
[EventType "team-tourn"]
[EventRounds "15"]
[EventCountry "CZE"]
[SourceTitle "EXT 2023"]
[Source "ChessBase"]
[SourceDate "2022.10.05"]
[SourceVersion "1"]
[SourceVersionDate "2022.10.05"]
[SourceQuality "1"]
[WhiteTeam "Frydek Mistek"]
[BlackTeam "Lysa nad Labem"]
[WhiteTeamCountry "CZE"]
[BlackTeamCountry "CSR"]

1. d4 d5 2. c4 e6 3. Nf3 Nf6 4. e3 Be7 5. Nc3 0-0 6. Bd3 dxc4 7. Bxc4 c5 8. 0-0 Nc6 9. a3 cxd4 10. exd4 b6 11. Be3 Bb7 12. Qe2 Rc8 13. Ba2 Nb8 14. Rfc1 Nbd7 15. h3 a6 16. a4 Bd6 17. Bc4 Ra8 18. Bd3 Re8 19. Rd1 Qb8 20. Ng5 Bh2+ 21. Kh1 Bf4 22. Qd2 Bxe3 23. Qxe3 h6 24. Nge4 Nd5 25. Qg3 Nf4 26. Bf1 f5 27. Nd2 Nf6 28. Nc4 g5 29. Ne5 Qd8 30. f3 Rc8 31. Qf2 N4d5 32. Rac1 Qe7 33. Nxd5 Nxd5 34. Bc4 Qb4 35. Bxd5 Bxd5 36. Nd7 Kg7 37. Qe3 Qd6 38. Ne5 1/2-1/2

[Event "CZE-chT 2122"]
[Site "Czech Republic"]
[Date "2022.02.27"]
[Round "12.4"]
[White "Movsesian, Julia"]
[Black "Jasny, Stanislav"]
[Result "1-0"]
[WhiteElo "2326"]
[BlackElo "2316"]
[PlyCount "103"]
[EventDate "2021.10.15"]
[EventType "team-tourn"]
[EventRounds "15"]
[EventCountry "CZE"]
[SourceTitle "EXT 2023"]
[Source "ChessBase"]
[SourceDate "2022.10.05"]
[SourceVersion "1"]
[SourceVersionDate "2022.10.05"]
[SourceQuality "1"]
[WhiteTeam "Pardubice"]
[BlackTeam "Frydek Mistek"]
[WhiteTeamCountry "CZE"]
[BlackTeamCountry "CZE"]

1. e4 d6 2. d4 Nf6 3. Nc3 g6 4. h3 Bg7 5. Nf3 0-0 6. Be2 a6 7. 0-0 b5 8. e5 Nfd7 9. a4 b4 10. Nd5 a5 11. Bg5 f6 12. Bc4 Kh8 13. exf6 exf6 14. Bd2 c6 15. Nf4 Nb6 16. Be6 Na6 17. Nh4 Bxe6 18. Nxe6 Qd7 19. Nxf8 Rxf8 20. Re1 f5 21. Nf3 c5 22. c3 cxd4 23. Nxd4 Nc5 24. Qe2 Nbxa4 25. Nb5 Nxb2 26. Rxa5 Nbd3 27. Ra7 Qd8 28. Qe7 Qxe7 29. Rexe7 Bf6 30. Rxh7+ Kg8 31. cxb4 Ne4 32. Be3 Nxb4 33. f3 Nc3 34. Nxc3 Bxc3 35. Rhd7 f4 36. Bf2 Be5 37. Ra4 Nd3 38. Rda7 Rb8 39. Ra8 Rxa8 40. Rxa8+ Kf7 41. Ra4 Ke6 42. Bd4 Nc5 43. Bxc5 dxc5 44. Kf2 Kf5 45. Ke2 Bd4 46. Kd3 Bf2 47. Ra6 Bg1 48. Kc4 Kg5 49. Kd5 Kf5 50. Ra8 Kg5 51. Ke4 Kh4 52. Rh8+ 1-0

[Event "CZE-chT 2122"]
[Site "Czech Republic"]
[Date "2022.02.26"]
[Round "11.4"]
[White "Hollan, Martin"]
[Black "Jasny, Stanislav"]
[Result "1-0"]
[WhiteElo "2356"]
[BlackElo "2316"]
[PlyCount "227"]
[EventDate "2021.10.15"]
[EventType "team-tourn"]
[EventRounds "15"]
[EventCountry "CZE"]
[SourceTitle "EXT 2023"]
[Source "ChessBase"]
[SourceDate "2022.10.05"]
[SourceVersion "1"]
[SourceVersionDate "2022.10.05"]
[SourceQuality "1"]
[WhiteTeam "Kromeriz Slavia"]
[BlackTeam "Frydek Mistek"]
[WhiteTeamCountry "CZE"]
[BlackTeamCountry "CZE"]

1. e4 d6 2. d4 Nf6 3. Bd3 e5 4. Nf3 Nc6 5. c3 g6 6. Bb5 Bd7 7. 0-0 Bg7 8. Bxc6 Bxc6 9. dxe5 dxe5 10. Nxe5 Qxd1 11. Rxd1 Bxe4 12. Bg5 h6 13. Bxf6 Bxf6 14. Nd2 Bd5 15. Ng4 Bg7 16. Ne3 0-0-0 17. Nxd5 Rxd5 18. Nb3 Rhd8 19. Rxd5 Rxd5 20. Kf1 b6 21. Ke2 Rb5 22. Rb1 a5 23. Nd2 a4 24. Kd3 Rd5+ 25. Kc2 Rf5 26. Rf1 h5 27. f4 Rf6 28. a3 Re6 29. Rf2 f5 30. Nf3 Bf6 31. Kd3 Rd6+ 32. Kc2 Re6 33. Kd2 Re4 34. Ne1 Kd7 35. Nc2 b5 36. Rf3 h4 37. g3 hxg3 38. hxg3 Re8 39. Rd3+ Kc8 40. Nb4 Rh8 41. Rd5 Rh2+ 42. Kc1 Rg2 43. Rxb5 Rxg3 44. Ra5 Be7 45. Rxa4 Bd6 46. Nd5 Rg4 47. Kc2 c6 48. Ra6 Rg2+ 49. Kb3 Kd7 50. Nb4 Bxf4 51. Nxc6 Bd6 52. Nd4 f4 53. Ra7+ Ke8 54. a4 Bc5 55. Ra8+ Ke7 56. Nf3 g5 57. Ne5 g4 58. Ng6+ Kf7 59. Nxf4 Rf2 60. Nd3 g3 61. Ne5+ Kg7 62. Ra6 Rf6 63. Rxf6 Kxf6 64. Nf3 Kf5 65. a5 Bf2 66. a6 Kf4 67. Nd4 Bxd4 68. cxd4 g2 69. a7 g1Q 70. a8Q Qd1+ 71. Ka2 Qxd4 72. Qa5 Qd3 73. b3 Kg3 74. Qc7+ Kg2 75. Ka3 Qd4 76. Qc2+ Kh3 77. b4 Qd6 78. Qc3+ Kg2 79. Qc5 Qa6+ 80. Kb2 Qf6+ 81. Qc3 Qb6 82. Qc4 Qf6+ 83. Ka3 Qf3+ 84. Qb3 Qa8+ 85. Kb2 Qh8+ 86. Qc3 Qb8 87. Qc6+ Kh2 88. b5 Qe5+ 89. Kb3 Qe3+ 90. Kc4 Qe2+ 91. Kd5 Qd3+ 92. Ke6 Qg6+ 93. Kd7 Qf5+ 94. Kc7 Qf7+ 95. Kb8 Kg1 96. Qc5+ Kh1 97. b6 Qe8+ 98. Kb7 Qd7+ 99. Qc7 Qd4 100. Qc6+ Kg1 101. Qg6+ Kh1 102. Qc6+ Kg1 103. Kb8 Qd8+ 104. Ka7 Qd4 105. Qb5 Qa1+ 106. Qa6 Qd4 107. Qa2 Kh1 108. Qc2 Qa1+ 109. Kb7 Qd4 110. Kc6 Qf6+ 111. Kb5 Qf1+ 112. Qc4 Qf5+ 113. Ka6 Qf6 114. Qd5+ 1-0

[Event "CZE-chT1E 2122"]
[Site "Czech Republic"]
[Date "2022.02.20"]
[Round "9.2"]
[White "Zpevak, Pavel"]
[Black "Jasny, Stanislav"]
[Result "0-1"]
[WhiteElo "2358"]
[BlackElo "2316"]
[PlyCount "77"]
[EventDate "2021.10.09"]
[EventType "team-tourn"]
[EventRounds "11"]
[EventCountry "CZE"]
[SourceTitle "EXT 2023"]
[Source "ChessBase"]
[SourceDate "2022.10.05"]
[SourceVersion "1"]
[SourceVersionDate "2022.10.05"]
[SourceQuality "1"]
[WhiteTeam "Vlcnov"]
[BlackTeam "Vsetin"]
[WhiteTeamCountry "CZE"]
[BlackTeamCountry "CZE"]

1. d4 g6 2. c4 Bg7 3. Nc3 d6 4. Nf3 Nf6 5. Bf4 0-0 6. h3 Nfd7 7. e3 h6 8. Be2 e5 9. Bh2 Nc6 10. 0-0 f5 11. Rb1 e4 12. Nd2 Nf6 13. b4 g5 14. Qb3 Kh8 15. a4 Ne7 16. a5 Ng6 17. b5 f4 18. exf4 Nxf4 19. Bxf4 gxf4 20. Ndxe4 Nxe4 21. Nxe4 Bxd4 22. Rbd1 Be5 23. c5 Qe7 24. cxd6 cxd6 25. Rfe1 Qg7 26. Nxd6 Bc3 27. Nf7+ Rxf7 28. Rd8+ Kh7 29. Bd3+ Bf5 30. Bxf5+ Rxf5 31. Rxa8 Bxe1 32. Qb1 Qe5 33. Rxa7 Kh8 34. Qd3 Qd5 35. Qxd5 Rxd5 36. Rxb7 Bxa5 37. Kf1 Re5 38. g4 f3 39. Kg1 0-1

[Event "Marianske Lazne IM-B3 20th"]
[Site "Marianske Lazne"]
[Date "2022.01.18"]
[Round "5"]
[White "Krawczyk, Flawian"]
[Black "Jasny, Stanislav"]
[Result "1/2-1/2"]
[WhiteElo "2161"]
[BlackElo "2299"]
[PlyCount "53"]
[EventDate "2022.01.15"]
[EventType "tourn"]
[EventRounds "9"]
[EventCountry "CZE"]
[EventCategory "1"]
[SourceTitle "CBM 206 Extra"]
[Source "ChessBase"]
[SourceDate "2022.03.31"]
[SourceVersion "1"]
[SourceVersionDate "2022.03.31"]
[SourceQuality "1"]

1. e4 g6 2. d4 Bg7 3. Nc3 d6 4. Be3 a6 5. Nf3 b5 6. a3 Bb7 7. Bd3 Nd7 8. a4 b4 9. Ne2 Ngf6 10. Ng3 c5 11. c3 0-0 12. 0-0 bxc3 13. bxc3 Qa5 14. Bd2 Qc7 15. Qc1 c4 16. Bc2 e5 17. Bh6 Ne8 18. Bxg7 Nxg7 19. Qh6 f6 20. a5 Bc6 21. h4 Rab8 22. d5 Bb5 23. Nh2 Nc5 24. f4 Nd3 25. Bxd3 cxd3 26. f5 gxf5 27. Nxf5 1/2-1/2

[Event "Marianske Lazne IM-B3 20th"]
[Site "Marianske Lazne"]
[Date "2022.01.17"]
[Round "3"]
[White "Dev, Shah"]
[Black "Jasny, Stanislav"]
[Result "1/2-1/2"]
[WhiteElo "2248"]
[BlackElo "2299"]
[PlyCount "67"]
[EventDate "2022.01.15"]
[EventType "tourn"]
[EventRounds "9"]
[EventCountry "CZE"]
[EventCategory "1"]
[SourceTitle "CBM 206 Extra"]
[Source "ChessBase"]
[SourceDate "2022.03.31"]
[SourceVersion "1"]
[SourceVersionDate "2022.03.31"]
[SourceQuality "1"]

1. d4 d6 2. g3 g6 3. Bg2 Bg7 4. Nf3 Nd7 5. c4 e5 6. Nc3 Ne7 7. e4 exd4 8. Nxd4 Nc6 9. Nxc6 bxc6 10. f4 0-0 11. Be3 Rb8 12. Qd2 Nb6 13. b3 c5 14. 0-0 Bb7 15. Rad1 Qe7 16. Rfe1 Rbd8 17. Nd5 Nxd5 18. cxd5 c6 19. dxc6 Bxc6 20. e5 dxe5 21. Qf2 Rxd1 22. Rxd1 Qb7 23. fxe5 Bxg2 24. Qxg2 Qxg2+ 25. Kxg2 Bxe5 26. Bxc5 Rc8 27. Rd5 f6 28. b4 a6 29. a4 Kf7 30. Rd7+ Ke6 31. Rxh7 a5 32. Kf3 axb4 33. Bxb4 Rc4 34. Rb7 1/2-1/2